| 000 | 00370nam a2200133Ia 4500 | ||
|---|---|---|---|
| 005 | 20260328104328.0 | ||
| 008 | 260328s9999||||xx |||||||||||||| ||und|| | ||
| 100 | _aMars, Roman | ||
| 245 | 4 |
_aThe 99% Invisible City : _b A Field Guide to the Hidden World of Everyday Design / _cRoman Mars |
|
| 260 | _bhousghton | ||
| 300 | _a376 p. | ||
| 650 | _aURBANISMO | ||
| 942 | _cBK | ||
| 999 |
_c11610 _d11610 |
||